[Event "3rd International Chess Festival Sport"]
[Site "Paracin"]
[Date "2010.07.14"]
[Round "7"]
[White "Damljanovic Branko"]
[Black "Stanojoski Zvonko"]
[Result "1-0"]
[WhiteElo "2541"]
[BlackElo "2487"]
[Annotator ",lidija.glx"]
[PlyCount "87"]
[EventDate "2010.??.??"]

1. d4 Nf6 2. Nf3 c5 3. d5 b5 4. Bg5 Ne4 5. Bh4 Bb7 6. Qd3 Qa5+ 7. c3 f5 8. Nbd2
c4 9. Qd4 Nxd2 10. Nxd2 Qb6 11. Qe5 e6 12. e4 Qd6 13. Qxd6 Bxd6 14. Rd1 fxe4
15. dxe6 Be5 16. a4 a6 17. Bxc4 bxc4 18. Nxc4 Bc7 19. Nd6+ Bxd6 20. Rxd6 Bc6
21. O-O g5 22. Bxg5 Rg8 23. exd7+ Bxd7 24. h4 Rg6 25. Rd4 Re6 26. Re1 Bc6 27.
b4 Nd7 28. c4 Bb7 29. Red1 Ne5 30. Rd8+ Kf7 31. R8d7+ Nxd7 32. Rxd7+ Kg6 33.
Rxb7 a5 34. b5 Rc8 35. Ra7 Rxc4 36. Rxa5 e3 37. Bxe3 Rxh4 38. b6 Rb4 39. g3
Ree4 40. Ra8 Rb2 41. a5 Kh5 42. Rg8 h6 43. a6 Rxb6 44. a7 1-0

[Event "3rd International Chess Festival Sport"]
[Site "Paracin"]
[Date "2010.07.14"]
[Round "7"]
[White "Kryakvin Dmitry"]
[Black "Janev Evgeni"]
[Result "0-1"]
[WhiteElo "2603"]
[BlackElo "2463"]
[Annotator ",lidija.glx"]
[PlyCount "178"]
[EventDate "2010.??.??"]

1. d4 d6 2. Nf3 Bg4 3. e4 Nf6 4. Nc3 c6 5. h3 Bxf3 6. Qxf3 e5 7. Be3 Nbd7 8.
O-O-O Qa5 9. g4 h6 10. h4 exd4 11. Bxd4 Be7 12. Be2 O-O-O 13. Qf5 Qxf5 14. gxf5
Nc5 15. Rde1 a5 16. Rhg1 Ne8 17. Bg4 Nd7 18. h5 Bg5+ 19. Kb1 Nef6 20. Bd1 Rhe8
21. Rgf1 Bd2 22. Re2 Bf4 23. Rg1 Bg5 24. Be3 Nxh5 25. Bxg5 hxg5 26. Rxg5 Rh8
27. Re1 Nf4 28. Rg4 g5 29. fxg6 Nxg6 30. f4 Rh2 31. Rf1 Rdh8 32. Rgg1 Kc7 33.
Bg4 Nc5 34. Bf5 Ne7 35. Rg7 Rh1 36. Rc1 Rxc1+ 37. Kxc1 Rf8 38. Ne2 Nxf5 39.
exf5 Ne4 40. Nd4 Kd8 41. c4 Ke7 42. Rg2 Kf6 43. Rh2 c5 44. Ne2 Kxf5 45. Kc2 Rg8
46. Rh7 Kg6 47. Rh3 Kf5 48. Rh7 Ke6 49. Kd3 Nf6 50. Rh3 Kf5 51. Ke3 d5 52. cxd5
Nxd5+ 53. Kf3 Ke6 54. Rh5 b6 55. Re5+ Kd6 56. Ng3 Nxf4 57. Rf5 Ne6 58. Ne4+ Ke7
59. Rh5 Rg1 60. Nc3 Kd6 61. Rh8 Rc1 62. a4 Rc2 63. Nb5+ Ke5 64. Na3 Rc1 65. Rb8
Nd4+ 66. Kf2 c4 67. Rxb6 c3 68. bxc3 Rxc3 69. Nb5 Rf3+ 70. Kg2 Rb3 71. Ra6 Rb2+
72. Kh3 Ne6 73. Kg3 f5 74. Rxa5 f4+ 75. Kg4 Rg2+ 76. Kf3 Rg3+ 77. Kf2 Nc5 78.
Na7 Rc3 79. Rb5 f3 80. Kg3 Ke6 81. Rb1 Ne4+ 82. Kf4 Nd2 83. Re1+ Kf6 84. Kg3
Rc7 85. Rd1 Rg7+ 86. Kf2 Rg2+ 87. Ke3 f2 88. Nb5 f1=Q 89. Rxf1+ Nxf1+ 0-1

[Event "3rd International Chess Festival Sport"]
[Site "Paracin"]
[Date "2010.07.14"]
[Round "7"]
[White "Savic Miodrag R"]
[Black "Irizanin Radoje"]
[Result "1-0"]
[WhiteElo "2477"]
[BlackElo "2300"]
[Annotator ",lidija.glx"]
[PlyCount "69"]
[EventDate "2010.??.??"]

1. e4 c5 2. c3 d6 3. d4 Qc7 4. Nf3 Nd7 5. Bd3 Ngf6 6. O-O g6 7. Re1 e5 8. Bg5
Bg7 9. dxe5 dxe5 10. Na3 O-O 11. Nb5 Qb8 12. Bc2 h6 13. Bh4 g5 14. Bg3 Ne8 15.
Na3 b5 16. b4 c4 17. h4 a5 18. Qb1 g4 19. Nd4 Nd6 20. Nc6 Qb7 21. Nxa5 Qb6 22.
Bd1 h5 23. Bc2 Re8 24. Qc1 f6 25. Qd2 Nf8 26. Rad1 Rd8 27. N3xc4 bxc4 28. Nxc4
Qc7 29. Nxd6 Be6 30. Bb3 Bxb3 31. axb3 Ra6 32. Nb5 Rxd2 33. Nxc7 Rxd1 34. Rxd1
Ra3 35. Rb1 1-0

[Event "3rd International Chess Festival Sport"]
[Site "Paracin"]
[Date "2010.07.14"]
[Round "7"]
[White "Zlatanovic Boroljub"]
[Black "Nestorovic Dejan"]
[Result "1/2-1/2"]
[WhiteElo "2422"]
[BlackElo "2423"]
[Annotator ",lidija.glx"]
[PlyCount "76"]
[EventDate "2010.??.??"]

1. c4 e5 2. Nc3 Nc6 3. g3 f5 4. Bg2 Nf6 5. d3 Bb4 6. Bd2 O-O 7. Nd5 Bxd2+ 8.
Qxd2 d6 9. e3 Be6 10. Ne2 Qd7 11. O-O Nd8 12. f4 c6 13. Nxf6+ Rxf6 14. Rac1 Bf7
15. b4 Ne6 16. d4 exf4 17. exf4 Nc7 18. d5 c5 19. b5 Bh5 20. Nc3 Re8 21. Rfe1
Rff8 22. Na4 Rxe1+ 23. Rxe1 Re8 24. Kf2 b6 25. Nc3 Rxe1 26. Qxe1 Kf8 27. Bh3
Qf7 28. Qb1 g6 29. Qb2 Qg7 30. Na4 Qxb2+ 31. Nxb2 Ke7 32. Bf1 h6 33. Be2 Bxe2
34. Kxe2 Ne8 35. Nd1 Nf6 36. Nf2 h5 37. Kf3 Ng4 38. Nxg4 hxg4+ 1/2-1/2

[Event "3rd International Chess Festival Sport"]
[Site "Paracin"]
[Date "2010.07.14"]
[Round "7"]
[White "Dochev Dimitar"]
[Black "Pantelic Sasa"]
[Result "1/2-1/2"]
[WhiteElo "2430"]
[BlackElo "2335"]
[Annotator ",lidija.glx"]
[PlyCount "81"]
[EventDate "2010.??.??"]

1. e4 c5 2. Nf3 d6 3. d4 cxd4 4. Nxd4 Nf6 5. Nc3 g6 6. Be3 Bg7 7. f3 O-O 8. Qd2
Nc6 9. Bc4 Bd7 10. h4 Qa5 11. Bb3 Nxd4 12. Bxd4 Be6 13. O-O-O b5 14. Kb1 b4 15.
Nd5 Bxd5 16. exd5 Qb5 17. Rhe1 a5 18. Qd3 Qb7 19. Ba4 Qxd5 20. Rxe7 Nh5 21.
Bxg7 Qxd3 22. Rxd3 Nxg7 23. g4 Ne6 24. Bb3 Rae8 25. Rxe8 Rxe8 26. Bxe6 Rxe6 27.
a3 bxa3 28. Rxa3 Re5 29. Rd3 d5 30. Ka2 Kf8 31. Kb3 Ke7 32. Ka4 Re2 33. Rxd5
Rxc2 34. Rb5 Rh2 35. Kxa5 Rxh4 36. b4 h5 37. Rb7+ Ke6 38. Rb6+ Ke7 39. Rb7+ Ke6
40. Rb6+ Ke7 41. Rb7+ 1/2-1/2

[Event "3rd International Chess Festival Sport"]
[Site "Paracin"]
[Date "2010.07.14"]
[Round "7"]
[White "Pavlov Sergey"]
[Black "Bargan Sergei"]
[Result "1-0"]
[WhiteElo "2524"]
[BlackElo "2331"]
[Annotator ",lidija.glx"]
[PlyCount "125"]
[EventDate "2010.??.??"]

1. e4 c5 2. Nf3 d6 3. d4 cxd4 4. Nxd4 Nf6 5. Nc3 g6 6. Be3 Bg7 7. f3 Nc6 8. Qd2
O-O 9. g4 Be6 10. Nxe6 fxe6 11. O-O-O Qc8 12. Bh6 Bxh6 13. Qxh6 Ne5 14. Be2 Qc5
15. h4 Kh8 16. Qd2 Rac8 17. Kb1 b5 18. Nxb5 Nxf3 19. Bxf3 Qxb5 20. g5 Nd7 21.
Bg4 Qe5 22. h5 Kg7 23. Qd4 Nc5 24. b4 Rb8 25. Kc1 Qxd4 26. Rxd4 Na6 27. a3 Nc7
28. Rc4 Rb7 29. Rc3 gxh5 30. Rxh5 Rf1+ 31. Kd2 Rg1 32. Be2 Nb5 33. Rch3 Nd4 34.
Bd3 e5 35. c3 Rg2+ 36. Ke3 Nc2+ 37. Bxc2 Rxc2 38. Kd3 Ra2 39. Rxh7+ Kg6 40.
R3h6+ Kxg5 41. Rxd6 exd6 42. Rxb7 Rxa3 43. Rd7 Ra1 44. Rf7 Rd1+ 45. Kc4 a6 46.
Rf3 Re1 47. Kd5 Rd1+ 48. Kc6 Kg4 49. Rf6 Rd3 50. Rxd6 Rxc3+ 51. Kd5 Kf4 52.
Rf6+ Ke3 53. Rxa6 Kf4 54. Rf6+ Ke3 55. Kxe5 Rc4 56. b5 Rc5+ 57. Kd6 Rxb5 58. e5
Ke4 59. e6 Rb6+ 60. Ke7 Ke5 61. Rh6 Rb7+ 62. Kf8 Rb6 63. Rh5+ 1-0

[Event " 3rd International Chess Festival Sport "]
[Site "Paracin"]
[Date "2010.07.14"]
[Round "7.9"]
[White "Tosic, Miroslav"]
[Black "Bojovic, Dusan"]
[Result "0-1"]
[WhiteElo "2423"]
[BlackElo "2330"]
[PlyCount "70"]
[EventDate "2010.07.09"]

1. d4 Nf6 2. Nc3 g6 3. e4 d6 4. h3 c6 5. Nf3 Bg7 6. Be3 O-O 7. Qd2 Qa5 8. Bd3
Nbd7 9. O-O e5 10. d5 Qc7 11. Bh6 cxd5 12. Bxg7 Kxg7 13. exd5 Nh5 14. Nb5 Qb6
15. Qe3 Qxe3 16. fxe3 e4 17. Bxe4 Ng3 18. Nxd6 Nf6 19. Nd2 Nxf1 20. Rxf1 Rd8
21. Nb5 Nxd5 22. Nc4 Be6 23. Bd3 a6 24. Nd4 Rac8 25. Nxe6+ fxe6 26. e4 Nb4 27.
Ne5 Nxd3 28. cxd3 Rc5 29. Rf7+ Kg8 30. Rd7 Rxd7 31. Nxd7 Rc2 32. Kf1 Kf7 33.
Ne5+ Kf6 34. Nc4 b5 35. e5+ Ke7 0-1

[Event " 3rd International Chess Festival Sport "]
[Site "Paracin"]
[Date "2010.07.14"]
[Round "7.10"]
[White "Weinzettl, Ernst"]
[Black "Pakhomov, Alexey"]
[Result "1-0"]
[WhiteElo "2325"]
[BlackElo "2412"]
[PlyCount "42"]
[EventDate "2010.07.09"]

1. e4 c5 2. Nf3 d6 3. d4 cxd4 4. Nxd4 Nf6 5. Nc3 a6 6. Bg5 e6 7. f4 Nbd7 8. Qf3
Qc7 9. O-O-O Be7 10. g4 h6 11. Bxf6 gxf6 12. f5 Nb6 13. fxe6 fxe6 14. Nce2 Bd7
15. Nf4 Kf7 16. Qb3 d5 17. Nfxe6 Bxe6 18. Nxe6 Kxe6 19. Rxd5 Bd6 20. Rc5+ Kd7
21. Qf7+ Kc8 1-0

[Event " 3rd International Chess Festival Sport "]
[Site "Paracin"]
[Date "2010.07.14"]
[Round "7.11"]
[White "Pancevski, Filip"]
[Black "Zivkovic, Ivan B"]
[Result "1-0"]
[WhiteElo "2402"]
[BlackElo "2326"]
[PlyCount "87"]
[EventDate "2010.07.09"]

1. e4 c5 2. Nf3 d6 3. d4 cxd4 4. Nxd4 Nf6 5. Nc3 a6 6. Bg5 e6 7. f4 Nbd7 8. Qe2
Qc7 9. O-O-O Be7 10. g4 h6 11. Bh4 g5 12. fxg5 Nh7 13. Bg3 hxg5 14. Nf5 Ne5 15.
Nxe7 Kxe7 16. h4 Bd7 17. Qd2 f6 18. Be2 Rag8 19. Rh2 gxh4 20. Bxh4 Rg6 21. Bg3
Rg7 22. Rf1 Rf8 23. Rhf2 Rff7 24. Bh4 Ng6 25. Bg3 Be8 26. Kb1 Qc5 27. Rd1 Ne5
28. Bf4 Ng5 29. Be3 Qc7 30. Rdf1 Nh7 31. Rd1 Ng5 32. a3 Nh3 33. Rh2 Ng5 34. Rf2
Nh3 35. Rff1 Ng5 36. Qd4 Rf8 37. a4 Bd7 38. Qb4 Ngf7 39. Qd4 Rh8 40. Rf2 Rh4
41. Rdf1 Rg6 42. Rf4 Bc6 43. Qd1 Qa5 44. Qe1 1-0

[Event " 3rd International Chess Festival Sport "]
[Site "Paracin"]
[Date "2010.07.14"]
[Round "7.12"]
[White "Ardeleanu, Alin"]
[Black "Tomilova, Elena"]
[Result "1-0"]
[WhiteElo "2399"]
[BlackElo "2311"]
[PlyCount "73"]
[EventDate "2010.07.09"]

1. e4 e6 2. d4 d5 3. Nc3 Nf6 4. Bg5 Be7 5. e5 Nfd7 6. Bxe7 Qxe7 7. f4 a6 8. Nf3
Nb6 9. Qd2 Bd7 10. a3 Nc6 11. Nd1 Na7 12. Ne3 Bb5 13. Qb4 Qd7 14. b3 Bxf1 15.
Rxf1 Nc6 16. Qd2 a5 17. Qd3 a4 18. b4 O-O-O 19. O-O-O g6 20. Qc3 Na7 21. Qc5
Kb8 22. Kb2 Nb5 23. Rc1 h6 24. Rfd1 Na8 25. c4 dxc4 26. d5 c3+ 27. Ka1 Nb6 28.
d6 Nd5 29. Nxd5 exd5 30. Rxd5 c6 31. Rd3 Qg4 32. g3 Qh3 33. Qf2 Qf5 34. Qe3 Qh3
35. Qe2 Nxa3 36. Nd4 g5 37. g4 1-0

[Event " 3rd International Chess Festival Sport "]
[Site "Paracin"]
[Date "2010.07.14"]
[Round "7.13"]
[White "Kojovic, Dragan"]
[Black "Ganaus, Hannes"]
[Result "1/2-1/2"]
[WhiteElo "2381"]
[BlackElo "2288"]
[PlyCount "120"]
[EventDate "2010.07.09"]

1. e4 c6 2. d4 d5 3. f3 e6 4. Nc3 Bb4 5. Bf4 Ne7 6. Nge2 Ng6 7. Bg3 dxe4 8.
fxe4 e5 9. dxe5 O-O 10. a3 Be7 11. Qxd8 Rxd8 12. Ng1 Bh4 13. Bxh4 Nxh4 14. Nf3
Ng6 15. Bc4 Bg4 16. e6 Bxe6 17. Bxe6 fxe6 18. Ng5 Na6 19. Nxe6 Re8 20. Ng5 Nc5
21. O-O-O h6 22. Nf3 Nxe4 23. Nxe4 Rxe4 24. Rd7 Re7 25. Rxe7 Nxe7 26. Rd1 Nd5
27. c4 Nf6 28. Re1 Rd8 29. Kc2 Re8 30. Rxe8+ Nxe8 31. Nd4 Kf7 32. Nb3 b6 33.
Nd4 c5 34. Nb5 a6 35. Nc3 Nd6 36. Kd3 Ke6 37. Na4 Nc8 38. Ke4 Nd6+ 39. Kd3 Nc8
40. Ke3 Kd6 41. Nc3 Ke5 42. b3 Nd6 43. Kd3 Nf5 44. Na4 Nd4 45. b4 cxb4 46. axb4
Nc6 47. Kc3 b5 48. Nc5 Nb8 49. Kd3 g5 50. Kc3 h5 51. Kd3 h4 52. Kc3 Kf5 53. Nb7
Kg4 54. Nd6 h3 55. gxh3+ Kxh3 56. Ne4 Kxh2 57. Nxg5 bxc4 58. Nf3+ Kg3 59. Ne5
Kf4 60. Nxc4 Ke4 1/2-1/2

[Event " 3rd International Chess Festival Sport "]
[Site "Paracin"]
[Date "2010.07.14"]
[Round "7.15"]
[White "Popovic, Aleksandar M"]
[Black "Lahiri, Atanu"]
[Result "1-0"]
[WhiteElo "2244"]
[BlackElo "2353"]
[PlyCount "69"]
[EventDate "2010.07.09"]

1. e4 e6 2. d4 d5 3. Nd2 Nf6 4. e5 Nfd7 5. Bd3 c5 6. c3 Nc6 7. Ne2 cxd4 8. cxd4
f6 9. exf6 Nxf6 10. Nf3 Bd6 11. O-O O-O 12. Bf4 Bxf4 13. Nxf4 Ne4 14. Nh5 g6
15. Ng3 Nxg3 16. fxg3 Qb6 17. Kh1 Bd7 18. Qd2 Qb4 19. Qh6 Qe7 20. Rae1 a6 21.
a3 Qg7 22. Qe3 Rf6 23. Rf2 Raf8 24. Ref1 g5 25. h3 g4 26. hxg4 Qxg4 27. Nh2 Qg7
28. Rxf6 Rxf6 29. Rxf6 Qxf6 30. Ng4 Qg7 31. Qf4 Be8 32. Nf6+ Kf8 33. Nxd5+ Bf7
34. Nf6 h6 35. Qd6+ 1-0

[Event " 3rd International Chess Festival Sport "]
[Site "Paracin"]
[Date "2010.07.14"]
[Round "7.16"]
[White "Nestorovic, Nikola"]
[Black "Gavrilovic, Leonardo"]
[Result "1-0"]
[WhiteElo "2420"]
[BlackElo "2241"]
[PlyCount "57"]
[EventDate "2010.07.09"]

1. e4 e5 2. Nf3 f5 3. Nxe5 Qf6 4. d4 d6 5. Nc4 fxe4 6. Nc3 Ne7 7. Ne3 Bf5 8. g4
Bg6 9. Bg2 Nbc6 10. d5 Ne5 11. Nxe4 Qh4 12. Ng3 h5 13. h3 O-O-O 14. Bd2 Bf7 15.
Bc3 Qg5 16. h4 Qf4 17. gxh5 Rh6 18. Qe2 Rf6 19. Rd1 c5 20. Bd2 Qa4 21. b3 Qe8
22. O-O Kb8 23. Rde1 Rh6 24. Ng4 Nxg4 25. Qxg4 Rh8 26. Bg5 Qd7 27. Bh3 Qc7 28.
c4 Re8 29. Qd7 1-0

[Event " 3rd International Chess Festival Sport "]
[Site "Paracin"]
[Date "2010.07.14"]
[Round "7.17"]
[White "Jerez Perez, Alfonso"]
[Black "Milosevic, Aleksandar"]
[Result "1/2-1/2"]
[WhiteElo "2415"]
[BlackElo "2244"]
[PlyCount "163"]
[EventDate "2010.07.09"]

1. e4 c5 2. c3 d5 3. exd5 Qxd5 4. d4 Nf6 5. Nf3 e6 6. Bd3 cxd4 7. cxd4 Be7 8.
Nc3 Qd8 9. O-O Bd7 10. Bc2 Bc6 11. Ne5 Nbd7 12. Nxc6 bxc6 13. Qf3 Rc8 14. Rd1
Nb6 15. Qg3 g6 16. Bh6 Bf8 17. Bxf8 Kxf8 18. Rac1 Kg7 19. Bb3 Re8 20. h3 Kg8
21. Qe5 Nfd7 22. Qe2 Nf6 23. Qe5 Nfd7 24. Qa5 Rc7 25. Ne4 Nf6 26. Nc5 Nbd5 27.
Nd3 Qd6 28. Qc5 Qxc5 29. Rxc5 Ne7 30. Ne5 Rb8 31. Rc2 Nd7 32. Bc4 Rbb7 33. Be2
Nxe5 34. dxe5 Nd5 35. b3 Kf8 36. Rdc1 Rb6 37. Rc5 Ke8 38. Bc4 Kd7 39. a3 Ne7
40. b4 Nd5 41. g3 Rcb7 42. Kg2 Rb8 43. Kf3 R8b7 44. Ke4 Kd8 45. f4 Ne7 46. g4
Rd7 47. Ra5 Rbb7 48. Ba6 Rb6 49. Be2 Rbb7 50. Rac5 Rd2 51. R1c2 Rbd7 52. Ke3
Rxc2 53. Rxc2 Kc7 54. b5 Kb6 55. bxc6 Rc7 56. Rb2+ Kxc6 57. Bf3+ Kd7 58. Kd4
Kc8 59. Rb5 Rd7+ 60. Kc4 Rd2 61. Rb7 Kd8 62. Rb8+ Kd7 63. Rb7+ Kd8 64. Rb3 Rh2
65. Be4 Rf2 66. Rf3 Re2 67. Kd4 Re1 68. Rb3 Rd1+ 69. Rd3 Rc1 70. Rc3 Rd1+ 71.
Rd3 Rc1 72. Rb3 Rd1+ 73. Ke3 Ra1 74. Rb8+ Nc8 75. Rb3 Nb6 76. Kd4 Rf1 77. Rf3
Rd1+ 78. Rd3 Rf1 79. Bf3 Rc1 80. Be4 Rf1 81. Rf3 Rd1+ 82. Rd3 1/2-1/2

[Event " 3rd International Chess Festival Sport "]
[Site "Paracin"]
[Date "2010.07.14"]
[Round "7.19"]
[White "Dinic, Dragan"]
[Black "Colovic, Dusan"]
[Result "1/2-1/2"]
[WhiteElo "2285"]
[BlackElo "2369"]
[PlyCount "41"]
[EventDate "2010.07.09"]

1. e4 e6 2. d4 b6 3. Bd3 Bb7 4. Nf3 c5 5. O-O cxd4 6. Nxd4 Nc6 7. Nxc6 Bxc6 8.
Nc3 Nf6 9. h3 Be7 10. Qe2 d5 11. Bb5 Qd7 12. Bxc6 Qxc6 13. exd5 Nxd5 14. Nxd5
Qxd5 15. Rd1 Qc6 16. Be3 O-O 17. c4 Rad8 18. b3 f6 19. Rxd8 Rxd8 20. Rd1 Rxd1+
21. Qxd1 1/2-1/2

[Event " 3rd International Chess Festival Sport "]
[Site "Paracin"]
[Date "2010.07.14"]
[Round "7.21"]
[White "Jefic, Srdjan"]
[Black "Brankovic, Dejan"]
[Result "1/2-1/2"]
[WhiteElo "2110"]
[BlackElo "2352"]
[PlyCount "33"]
[EventDate "2010.07.09"]

1. e4 c5 2. Nc3 Nc6 3. f4 g6 4. Nf3 Bg7 5. g3 e6 6. d3 Nge7 7. Bg2 d6 8. O-O
O-O 9. h3 Nd4 10. Ne2 Nxf3+ 11. Rxf3 d5 12. e5 d4 13. g4 Bd7 14. Ng3 Bc6 15.
Rf2 Bxg2 16. Kxg2 Nd5 17. Ne4 1/2-1/2

[Event " 3rd International Chess Festival Sport "]
[Site "Paracin"]
[Date "2010.07.14"]
[Round "7.23"]
[White "Doric, Nenad"]
[Black "Mikanovic, Sandro"]
[Result "1-0"]
[WhiteElo "2322"]
[BlackElo "2255"]
[PlyCount "103"]
[EventDate "2010.07.09"]

1. d4 d5 2. Nf3 c6 3. c4 Nf6 4. e3 Bf5 5. Nc3 e6 6. Nh4 Bg6 7. Qb3 Qb6 8. Nxg6
hxg6 9. Bd2 Nbd7 10. Be2 Qxb3 11. axb3 a6 12. O-O Bd6 13. g3 O-O 14. Bf3 Rad8
15. Bg2 Bb8 16. Rfd1 Nb6 17. Na4 Nxa4 18. Rxa4 e5 19. Ba5 b5 20. Ra2 Rd7 21.
Bb4 Rfd8 22. c5 exd4 23. exd4 Ra7 24. Rda1 Ne4 25. Rxa6 Rxa6 26. Rxa6 Rc8 27.
h4 f5 28. Bh3 Kf7 29. Kg2 Ke6 30. g4 Nf6 31. f3 fxg4 32. fxg4 g5 33. Bd2 Ne4
34. Be3 Kd7 35. hxg5 g6 36. Kf3 Rf8+ 37. Ke2 Kc7 38. Ra1 Kb7 39. Bg2 Ng3+ 40.
Kd3 Bc7 41. b4 Bb8 42. Re1 Re8 43. Bd2 Rxe1 44. Bxe1 Kc8 45. Ke3 Kd7 46. Bf3
Ke6 47. Bd1 Ne4 48. Bc2 Bh2 49. Bxe4 dxe4 50. Kxe4 Bg1 51. Bg3 Kd7 52. d5 1-0